| 000 | 00403cam a22001457a 4500 | ||
|---|---|---|---|
| 008 | 180718b1995 xxu||||| |||| 00| 0 eng d | ||
| 020 | _a0787900303 | ||
| 082 | _aK9 V968 | ||
| 100 | _aVroom, Victor H. | ||
| 245 |
_aWork and motivation _cby Victor H. Vroom |
||
| 260 |
_aSan Francisco _bJossey-Bass _c1995 |
||
| 300 | _a397p. | ||
| 650 | _aWork - Psychological Aspects | ||
| 650 | _aPsychology Industrial | ||
| 999 |
_c377860 _d377860 |
||